Responses for Show #5838 - Wednesday, January 20, 2010

Jason Zollinger game 7.

Contestants

[<< previous game]

Ted Ahern, a health care application consultant from Lafayette Hill, Pennsylvania

Bern Samko, a Ph.D. student in linguistics originally from Worcester, Massachusetts

Jason Zollinger, an engine assembler from South Dayton, New York (whose 6-day cash winnings total $148,404)

[next game >>]

Jeopardy! Round responses

THE 20th CENTURY
CELEBRITY BLOGS
ABBREVIATED MAGAZINES
"CROSS" TALK
HR
RUSSIAN STUFF
    $200 1
cameras

Jason
    $200 26
Pam Anderson

Jason
    $200 21
Sports Illustrated

Jason
    $200 4
cross a bridge

Ted
    $200 8
360

Ted
    $200 11
(Ted: What are indentured servants?)

serfs

JasonTed
    $400 2
on foot

Jason
    $400 27
M.C. Hammer

Ted
    $400 22
Ladies' Home Journal

Ted
    $400 5
a cross-stitch

Jason
    $400 9
Herr

Ted
    $400 12
the Kremlin

Ted
    $600 3
the Dow Jones Industrial Average

Ted
    $600 28
(Donald) Trump

Ted
    $600 23
Entertainment Weekly

Ted
    $600 15
cross-country skiing

Jason
    $600 10
H&R Block

Jason
    $600 16
Rasputin

Jason
    $800 6
the Vietnam War

Triple Stumper
    $800 29
Carrie Fisher

Ted
    $800 24
Popular Mechanics

Ted
    $800 19
the crossbow

Ted
    $800 13
(Jason: What is House Resolution?)

House of Representatives

JasonBern
    $800 17
do svidaniya

Jason
    $1000 7
Switzerland

Jason
    $1000 30
(Ted: Who is Tina Fey?)

Alec Baldwin

BernTed
    $1000 25
BusinessWeek

Ted
    $1000 20
a cross of gold

Jason
    $1000 14
astronomy

Triple Stumper
    $3,000 18
the Volga

Jason

Scores at the first commercial break (after clue 15):

Jason Bern Ted
$2,600 $800 $1,600

Scores at the end of the Jeopardy! Round:

Jason Bern Ted
$8,400 $1,800 $6,000

Double Jeopardy! Round responses

SCIENTISTS
MR. & MS. ROBOTO
FAMILY DRAMA
FOR GOOD MEASURE
MUSICAL A TO Z
WHEEL OF PROVERBS!
    $400 1
Marie Curie

Jason
    $400 10
Transformers

Ted
    $400 26
Arthur Miller

Triple Stumper
    $400 6
a bale

Ted
    $400 5
vibrato

Ted
    $400 17
Haste makes waste

Bern
    $800 2
Isaac Newton

Bern
    $800 11
The Day the Earth Stood Still

Ted
    $800 27
Hedda Gabler

Ted
    $800 7
an ounce

Ted
    $800 18
an octave

Ted
    $800 19
The more the merrier

Bern
    $1200 3
Rachel Carson

Triple Stumper
    $1200 12
Austin Powers

Ted
    $1200 28
Cat on a Hot Tin Roof

Triple Stumper
    $1200 8
the Ark

Jason
    $1200 20
an upbeat

Bern
    $1200 23
Practice what you preach

Ted
    $1600 4
Copernicus

Ted
    $3,000 13
(Ted: What is R2-D2?)
...
(Ted: Makes sense now.)

C-3PO

Ted
    $1600 29
A Raisin in the Sun

Triple Stumper
    $1600 15
a light year

Jason
    $1600 21
a coda

Bern
    $1600 24
(Jason: [*].)
...
(Alex: Yes, Jason forgot to phrase it properly.)

Experience is the best teacher

JasonTed
    $3,800 9
Niels Bohr

Jason
    $2000 14
Metropolis

Triple Stumper
    $2000 30
Fences

Triple Stumper
    $2000 16
T.S. Eliot

Triple Stumper
    $2000 22
a fugue

Triple Stumper
    $2000 25
Forewarned is forearmed

Jason

Scores at the end of the Double Jeopardy! Round:

Jason Bern Ted
$15,800 $6,600 $13,000

[wagering suggestions for these scores]

Final Jeopardy! Round responses

CITIES IN ENGLAND
BernWhat is Bath?
$6,500
TedWhat is Bath?
$2,801
JasonWhat Is Portsmouth?
$10,201
Bath

Final scores:

Jason Bern Ted
$5,599 $13,100 $15,801
3rd place: $1,000 2nd place: $2,000 New champion: $15,801

Game dynamics:

Coryat scores:

Jason Bern Ted
$12,000 $6,600 $16,000
18 R
(including 2 DDs),
2 W
7 R,
0 W
24 R,
3 W
(including 1 DD)

Combined Coryat: $34,600

[game clues] [game scores] [suggest correction]

Game tape date: 2009-12-01
The J! Archive is created by fans, for fans. Scraping, republication, monetization, and malicious use prohibited; this site may use cookies and collect identifying information. See terms. The Jeopardy! game show and all elements thereof, including but not limited to copyright and trademark thereto, are the property of Jeopardy Productions, Inc. and are protected under law. This website is not affiliated with, sponsored by, or operated by Jeopardy Productions, Inc. Join the discussion at JBoard.tv.